| 000 | 00595nam a2200205 a 4500 | ||
|---|---|---|---|
| 001 | 3925 | ||
| 005 | 20140414131906.0 | ||
| 008 | 040601s19uu xx 00 eng d | ||
| 020 | _a0-8351-1464-3 | ||
| 050 |
_aFIC _bY9 1985 |
||
| 100 | _aYuan, Fang | ||
| 245 |
_aThe Coming of pig / _cadapted by Fang Yuan ; illustrated by Feng Yonglu. |
||
| 260 |
_aBeijing : _bForeign Languages Press, _c1986. |
||
| 300 | _a54 p. : ill. ; cm. | ||
| 440 | _aMonkey Series, 5 | ||
| 500 | _aAdapted from the novel Journey to the West | ||
| 650 | _aFantasy. | ||
| 650 |
_aChina _xFiction. |
||
| 999 |
_c110963 _d110963 |
||